| 000 | 01125nam a22002897a 4500 | ||
|---|---|---|---|
| 005 | 20130102151142.0 | ||
| 008 | 121226t xxu||||| |||| 00| 0 hin d | ||
| 010 | _aHIN-97850 | ||
| 020 |
_c250.00 _a9789380183770 |
||
| 035 | _aHN-70196 | ||
| 037 | _bDBAD / PUB | ||
| 040 |
_aDPL _bHN |
||
| 082 | _aक | ||
| 100 |
_927482 _aरामदेव धुरंधर |
||
| 245 |
_aजन्म की एक भूल / _cरामदेव धुरंधर |
||
| 246 |
_aJanma ki ek Bhool _bby Ramdeo Dhoorundhur |
||
| 260 |
_bज्ञान गंगा _c2012 _aदिल्ली |
||
| 270 |
_a205-सी, चावड़ी बाजार _bदिल्ली _e110002 |
||
| 300 | 1 |
_a199पृ. _c22सेमी (सजिल्द) |
|
| 650 |
_91170 _aलघु कथाएँ, हिन्दी |
||
| 650 |
_954593 _aShort Stories, Hindi |
||
| 700 | _927483 | ||
| 710 | _952094 | ||
| 711 | _952444 | ||
| 942 |
_adpl _cHN _2ddc _mरामदे _hक |
||
| 999 |
_c72595 _d72595 |
||